[Event "14th Open Valle d'Aosta"]
[Site "Saint Vincent ITA"]
[Date "2006.10.06"]
[Round "7"]
[White "Bannink,B"]
[Black "Ortega,Le"]
[Result "1/2-1/2"]
[WhiteElo "2248"]
[BlackElo "2435"]

1.d4 Nf6 2.Bg5 e6 3.Nf3 h6 4.Bxf6 Qxf6 5.e4 d6 6.Nc3 Nd7 7.Qd2 a6 8.O-O-O g5
9.e5 dxe5 10.Nxe5 Bg7 11.Ne4 Qf4 12.Qxf4 gxf4 13.Nxd7 Bxd7 14.Be2 O-O-O 15.c3 a5
16.Bf3 b6 17.b3 Rhe8 18.Rhe1 e5 19.dxe5 Rxe5 20.c4 Rde8 21.Re2 b5 22.Rde1 bxc4
23.bxc4 a4 24.Nd2 a3 25.Kc2 Ba4+ 26.Nb3 Rxe2+ 27.Rxe2 Rxe2+ 28.Bxe2 Bd4 29.Bg4+ Kd8
30.f3 Ke7 31.Bf5 h5 32.Be4 Bg1 33.Kc3 c5 34.h3 Kf6 35.Bc2 Kg5 36.Kd3 Kh4
37.Ke2 Kg3 38.Kf1 Be3 39.Bd1 Kh2 40.Bc2 Kg3 41.Nd4  1/2-1/2

[Event "Corporacion del Sur B"]
[Site "Buenos Aires ARG"]
[Date "2006.10.08"]
[Round "6"]
[White "Rodriguez,And URU"]
[Black "Lafuente,P"]
[Result "1-0"]
[WhiteElo "2496"]
[BlackElo "2459"]

1.d4 Nf6 2.Bg5 e6 3.e4 h6 4.Bxf6 Qxf6 5.Nc3 Bb4 6.Qd3 Nc6 7.Nf3 d6 8.O-O-O Bd7
9.Nb5 Ba5 10.c3 e5 11.g3 a6 12.Na3 exd4 13.cxd4 Nb4 14.Qe3 b5 15.Nc2 Nxa2+
16.Kb1 Nb4 17.Nxb4 Bxb4 18.e5 Qe7 19.Qe4 Rd8 20.Bd3 dxe5 21.dxe5 Be6 22.Bc2 Rd7
23.Rxd7 Bxd7 24.Rd1 Bc8 25.Nd4 g6 26.Nc6 Bb7 27.Qg4  1-0

[Event "56th TCh-BUL"]
[Site "Sunny Beach BUL"]
[Date "2006.10.08"]
[Round "4"]
[White "Georgiev,Vl"]
[Black "Todorov,Mo"]
[Result "1-0"]
[WhiteElo "2518"]
[BlackElo "2198"]

1.d4 Nf6 2.Bg5 e6 3.Nf3 c5 4.e3 Be7 5.Bd3 b6 6.O-O O-O 7.Nbd2 cxd4 8.exd4 Bb7
9.c3 d6 10.Bxf6 Bxf6 11.Be4 Bxe4 12.Nxe4 Be7 13.Qd3 Nd7 14.Rfe1 Re8 15.a4 a6
16.h4 Nf6 17.Nxf6+ Bxf6 18.d5 e5 19.Re4 g6 20.Rb4 Qd7 21.Nd2 b5 22.g3 Bg7
23.axb5 axb5 24.Rxa8 Rxa8 25.Qxb5 Qf5 26.Kg2 Qc2 27.Qc6 Rf8 28.Nf1 f5 29.Qd7 Rf7
30.Qe6  1-0

[Event "7th Veselin Boskovic Mem Op"]
[Site "Beograd SRB"]
[Date "2006.10.09"]
[Round "7"]
[White "Miladinovic,I"]
[Black "Zivkovic,S"]
[Result "1-0"]
[WhiteElo "2598"]
[BlackElo "2307"]

1.d4 Nf6 2.Bg5 e6 3.e3 h6 4.Bh4 b6 5.Nd2 Bb7 6.Ngf3 c5 7.c3 Be7 8.Bd3 g5
9.Bg3 g4 10.Ne5 h5 11.e4 cxd4 12.cxd4 d6 13.Qa4+ Kf8 14.Nec4 d5 15.exd5 Qxd5
16.Ne3 Qd7 17.Qxd7 Nbxd7 18.h3 Kg7 19.hxg4 Nxg4 20.Rc1 Rac8 21.Rxc8 Bxc8
22.Ke2 Bb7 23.Rc1 Rc8 24.Rxc8 Bxc8 25.Bb5 Nf8 26.Bc6 f5 27.Nec4 Bd7 28.Bb7 b5
29.Na5 Bd8 30.b4 Ng6 31.Bb8 Bb6 32.Ndb3 Kf7 33.Nc5 Nf6 34.a3 Ne7 35.Be5 Be8
36.Bf3 Ng4 37.Nab7 Nc8 38.Bg3 Nf6 39.Ke1 Ke7 40.Kd2 Kf7 41.Kd3 Ke7 42.Na6 Nd5
43.Be5 Bf7 44.Bxd5 exd5 45.Ke3 Ke6 46.Kf4 Bg6 47.Kg5 Ne7 48.Nac5+ Bxc5 49.Nxc5+ Kf7  1-0

[Event "56th TCh-BUL"]
[Site "Sunny Beach BUL"]
[Date "2006.10.09"]
[Round "5"]
[White "Mladenov,P"]
[Black "Ivanov,Bog"]
[Result "0-1"]
[WhiteElo "2229"]
[BlackElo "2193"]

1.d4 Nf6 2.Bg5 e6 3.e4 h6 4.Bxf6 Qxf6 5.c3 e5 6.dxe5 Qxe5 7.Nd2 g6 8.Ngf3 Qe7
9.Bc4 Bg7 10.h4 Nc6 11.h5 g5 12.Qe2 d6 13.O-O-O Bd7 14.Nf1 f5 15.exf5 Qxe2
16.Bxe2 Bxf5 17.Ne3 Bd7 18.Nd4 Nxd4 19.cxd4 Rf8 20.Rhf1 O-O-O 21.Bg4 Rde8
22.Bxd7+ Kxd7 23.g4 Re4 24.d5 Be5 25.Kc2 Rf3 26.Kd2 Bxb2 27.Ke2 Rf7 28.f3 Re5
29.Kd3 Rfe7 30.Nf5 Rxd5+ 31.Kc4 Rc5+ 32.Kb3 Rxf5 33.gxf5 Be5 34.Rfe1 c5 35.Kc4 Kc6
36.Kd3 b5 37.f4 c4+ 38.Kc2 gxf4 39.Rg1 Rf7 40.Rg6 Rxf5 41.Rxh6 f3 42.Rh7 f2
43.Rf1 Bd4 44.h6 Rh5 45.Kd2 b4 46.Ke2 c3  0-1

[Event "11th ECU Club Cup w"]
[Site "Feugen AUT"]
[Date "2006.10.13"]
[Round "6"]
[White "Klipper,R"]
[Black "Paehtz,E"]
[Result "0-1"]
[WhiteElo "2054"]
[BlackElo "2449"]

1.d4 Nf6 2.Bg5 e6 3.e3 c5 4.c3 b6 5.Nd2 Bb7 6.Ngf3 Be7 7.Bd3 d6 8.O-O Nbd7
9.e4 Qc7 10.Re1 e5 11.Rc1 O-O 12.b4 Rfd8 13.d5 Nf8 14.Nc4 Ng6 15.Ne3 Bc8
16.a4 Ng4 17.h3 Bxg5 18.Nxg5 Nxe3 19.Rxe3 h6 20.Nf3 Nf4 21.Bf1 f5 22.g3 Ng6
23.exf5 Bxf5 24.Bd3 Ne7 25.Bc4 Kh8 26.Nh4 Bh7 27.Qh5 Rf8 28.b5 Qd7 29.Kh2 Rxf2+
30.Kg1 Raf8 31.Ng2 R2f6 32.g4 Ng6 33.Bd3 Nf4 34.Nxf4 Rxf4 35.Bxh7 Kxh7 36.c4 g5
37.Ra3 Qe7 38.a5 Qf6 39.Rc2 Rf1+ 40.Kg2 Rf2+  0-1

[Event "IRT5"]
[Site "Sao Paulo BRA"]
[Date "2006.10.14"]
[Round "5"]
[White "Fascetti,A"]
[Black "Marques de Oliveira,E"]
[Result "1/2-1/2"]
[WhiteElo "1833"]
[BlackElo "2052"]

1.d4 Nf6 2.Bg5 e6 3.e4 Be7 4.Nc3 c5 5.e5 cxd4 6.Nb5 a6 7.Bxf6 gxf6 8.exf6 Bb4+
9.c3 Bxc3+ 10.bxc3 axb5 11.cxd4 Qxf6 12.Bxb5 Nc6 13.Nf3 Qf5 14.a4 Qe4+ 15.Qe2 Qxe2+
16.Kxe2 Ke7 17.d5 Nb4 18.dxe6 fxe6 19.Rac1 b6 20.Rhd1 Rd8 21.Ne5 Nd5 22.Ke1 Ba6
23.Ra1 Bxb5 24.axb5 Nc3 25.Rxa8 Rxa8 26.Rxd7+ Kf6 27.Ng4+ Kf5 28.Ne3+ Ke4
29.Kd2 Nxb5 30.f3+ Kf4 31.Rf7+ Kg5 32.Rxh7 Rd8+ 33.Kc2 Nd4+ 34.Kc3 b5 35.Nc2 Nf5
36.Rb7 Rd5 37.Rb6 Kf6 38.g4 Ne7 39.Nd4 Re5 40.Rxb5 Rxb5 41.Nxb5 Ke5 42.Kd3 Kf4
43.Ke2 Nc6 44.Kf2 Ne5 45.Nd4 Nd3+ 46.Ke2 Nc5 47.h4 e5 48.h5 Kg5  1/2-1/2

[Event "WJun"]
[Site "Yerevan ARM"]
[Date "2006.10.14"]
[Round "11"]
[White "Le Quang Liem"]
[Black "Mareco,S"]
[Result "1/2-1/2"]
[WhiteElo "2519"]
[BlackElo "2335"]

1.d4 Nf6 2.Bg5 e6 3.e4 h6 4.Bxf6 Qxf6 5.Nc3 Bb4 6.Qd2 d6 7.a3 Ba5 8.Nf3 O-O
9.O-O-O Nc6 10.Qe3 Bxc3 11.Qxc3 Qf4+ 12.Nd2 e5 13.d5 Nb8 14.Qxc7 Qxf2 15.Bd3 Qc5
16.Qxc5 dxc5 17.b4 Nd7 18.Nb3 b6 19.Bb5 cxb4 20.axb4 Nf6 21.Bd3 Bg4 22.Rde1 Rfc8
23.Kb2 a5 24.bxa5 bxa5 25.c4 Nd7 26.Ra1 a4 27.Nd2 Nc5 28.Bc2 Ra6 29.Ra3 Kf8
30.Kc3 Ke7 31.Rb1 Bd7 32.Nf3 Kd6 33.Ra2 f6 34.Rab2 Kc7 35.Nd2 Rca8 36.Kb4 Kd6
37.Ka3 Kc7 38.Nf3 Rc8 39.Ne1 Kd6 40.Rb4 h5 41.h3 g6 42.Rb6+ Rxb6 43.Rxb6+ Ke7
44.Kb4 f5 45.Nd3 Nxd3+ 46.Bxd3 Ra8 47.Ka3 Rc8 48.Rxg6 fxe4 49.Be2 h4 50.Rh6 Rg8
51.Rh7+ Kd6 52.c5+ Kxc5 53.Rxd7 Rxg2 54.Bg4 e3 55.Rc7+ Kd6 56.Rc1 Rd2 57.Re1 Kxd5
58.Rxe3 Kd4 59.Re1 e4 60.Kxa4 e3 61.Kb5 Kd3 62.Bf5+ Kd4 63.Bg4 Kd3 64.Kc5 e2
65.Kd5 Ke3+ 66.Ke5 Kf2 67.Rxe2+ Rxe2+ 68.Bxe2 Kxe2 69.Ke4 Kd2 70.Kf4 Kd3
71.Kg4 Ke4 72.Kxh4 Kf5  1/2-1/2

[Event "TCh-BEL 2006-7"]
[Site "Belgium BEL"]
[Date "2006.10.22"]
[Round "2"]
[White "Claesen,P"]
[Black "Van Haastert,E"]
[Result "1/2-1/2"]
[WhiteElo "2366"]
[BlackElo "2408"]

1.d4 Nf6 2.Bg5 e6 3.e3 c5 4.c3 b6 5.Nd2 Bb7 6.Ngf3 Be7 7.Bd3 cxd4 8.cxd4 O-O
9.O-O Nd5 10.Bxe7 Qxe7 11.Rc1 Nc6 12.Be4 Na5  1/2-1/2

[Event "WYB18"]
[Site "Batumi GEO"]
[Date "2006.10.23"]
[Round "5"]
[White "Banawa,Joe"]
[Black "Melkumyan,H"]
[Result "0-1"]
[WhiteElo "2282"]
[BlackElo "2391"]

1.d4 Nf6 2.Bg5 e6 3.e3 c5 4.c3 Nc6 5.Nd2 d5 6.Bd3 h6 7.Bxf6 Qxf6 8.Ngf3 Bd6
9.Qe2 O-O 10.dxc5 Bxc5 11.e4 Bb6 12.e5 Qe7 13.O-O Bd7 14.b4 f6 15.exf6 Rxf6
16.b5 Nd8 17.c4 Qd6 18.Rad1 Nf7 19.Bb1 Qf4 20.Qd3 Rd8 21.g3 Qg4 22.Qh7+ Kf8
23.Nh4 Ne5 24.Rde1 g5 25.Ng6+ Nxg6 26.Bxg6 Be8 27.Bxe8 Rxe8 28.cxd5 Qf5 29.Qxf5 Rxf5
30.dxe6 Rxb5 31.Nc4 Bc7 32.Re4 Rb4 33.a3 Ra4 34.Rb1 b6 35.Rb5 Re7 36.Rf5+ Kg7
37.h4 a6 38.hxg5 b5 39.gxh6+ Kxh6 40.Nd2 Rxe4 41.Nxe4 Rxe6 42.f3 Bd8 43.Rc5 Bb6
44.Kg2 Bxc5 45.Nxc5 Rc6 46.Ne4 a5 47.g4 b4 48.axb4 axb4  0-1

[Event "10th Essent Open"]
[Site "Hoogeveen NED"]
[Date "2006.10.26"]
[Round "7"]
[White "Piskov,Y"]
[Black "Ly,M"]
[Result "1-0"]
[WhiteElo "2452"]
[BlackElo "2274"]

1.d4 Nf6 2.Bg5 e6 3.Nd2 Be7 4.e3 c5 5.c3 Nc6 6.Ngf3 d5 7.Bd3 Nd7 8.Bf4 Bf6
9.O-O e5 10.dxe5 Ndxe5 11.Nxe5 Bxe5 12.Qh5 Qf6 13.Bg5 Qe6 14.f4 Bf6 15.Bxf6 gxf6
16.e4 Ne7 17.Rae1 Qb6 18.Rf2 c4 19.Bc2 O-O 20.exd5 Ng6 21.f5 Ne5 22.Rxe5 Qxb2
23.Nf1  1-0

[Event "Open A"]
[Site "Le Touquet FRA"]
[Date "2006.10.30"]
[Round "4"]
[White "Andrieu,P"]
[Black "Giffard,N"]
[Result "0-1"]
[WhiteElo "2034"]
[BlackElo "2372"]

1.d4 Nf6 2.Bg5 e6 3.e4 c5 4.e5 h6 5.Bc1 Ne4 6.Bd3 d5 7.exd6 Nxd6 8.dxc5 Qa5+
9.Nc3 Qxc5 10.Be3 Qb4 11.Rb1 Nc6 12.a3 Qa5 13.Nf3 Be7 14.O-O O-O 15.Re1 Rd8
16.Qc1 Bf8 17.Ne2 a6 18.b4 Qc7 19.Bf4 b5 20.Ng3 Ne7 21.Ne4 Nd5 22.Bg3 Bb7
23.Nc5 Rac8 24.Nd4 Qb6 25.Bh4 Re8 26.Qd2 Ba8 27.f4 Nc4 28.Bxc4 bxc4 29.Nd7 c3
30.Qf2 Qb7 31.Nc5 Bxc5 32.bxc5 Qc7 33.Nb3 Qxf4 34.Qxf4 Nxf4 35.Rf1 Ng6 36.Bf2 e5
37.Be1 Nf4 38.Kf2 Nd5 39.Rd1 Re6 40.Rd3 Rf6+ 41.Rf3 Rxf3+ 42.Kxf3 Nb4+ 43.Ke2 Nxc2
44.Bxc3 Nxa3 45.Rd1 f6 46.Bb4 Nb5 47.Na5 Nd4+ 48.Kf2 Nc2 49.Bc3 Rxc5  0-1

[Event "14th Chigorin Mem"]
[Site "St-Petersburg RUS"]
[Date "2006.10.30"]
[Round "9"]
[White "Mingachev,M"]
[Black "Serov,M"]
[Result "1/2-1/2"]
[WhiteElo "2406"]
[BlackElo "2268"]

1.d4 Nf6 2.Bg5 e6 3.e4 h6 4.Bxf6 Qxf6 5.Nc3 d6 6.Qd2 g5 7.Nb5 Na6 8.Qc3 Qd8
9.O-O-O Bg7 10.h4 Bd7 11.Kb1 Nc5 12.Qe3 Na4 13.hxg5 hxg5 14.Rxh8+ Bxh8 15.Qh3 Bf6
16.Nf3 a6 17.Na3 Qe7 18.e5 dxe5 19.Nxe5 O-O-O 20.Qb3 Nb6 21.Nac4 Nxc4 22.Nxc4 Bc6
23.Na5 Bd5 24.Bc4 Qd6 25.Bxd5 Qxd5 26.Qxd5 Rxd5 27.Nb3 c5 28.Nxc5 Rxd4 29.Nd3 Rh4
30.c3 Rh2 31.Rg1 Bd8 32.Ne5 f6 33.Nf3 Rh7 34.Re1  1/2-1/2

[Event "3rd Rapid KO"]
[Site "Ajaccio FRA"]
[Date "2006.10.31"]
[Round "1.2"]
[White "Sedlak,N"]
[Black "Drozdovskij,Y"]
[Result "0-1"]
[WhiteElo "2549"]
[BlackElo "2561"]

1.d4 Nf6 2.Bg5 e6 3.e4 h6 4.Bxf6 Qxf6 5.Nf3 d6 6.Nc3 c6 7.Qd2 e5 8.O-O-O Be7
9.Kb1 O-O 10.Qe3 Bd8 11.Bc4 Bb6 12.h3 Re8 13.Bb3 Na6 14.g4 exd4 15.Nxd4 d5
16.Rhe1 Nc5 17.e5 Qe7 18.Qg3 a5 19.a3 Nxb3 20.Nxb3 f6 21.f4 fxe5 22.Rxe5 Qf7
23.Rxe8+ Qxe8 24.f5 Bd7 25.Na4 Ba7 26.Nac5 a4 27.Nxa4 Bb8 28.Qh4 Rxa4 29.Nc5 Rc4
30.Re1 Re4 31.Nxe4 dxe4 32.Qf2 c5 33.Qxc5 Bc6 34.Rd1 Kh7 35.h4 e3 36.g5 e2
37.g6+ Kh8 38.Re1 Bf3 39.f6 gxf6 40.Qc3 Bh5 41.Qxf6+ Kg8 42.g7 Be5 43.Qxh6 Bxg7
44.Qf4 Qd7 45.Qc4+ Kh8 46.Qb4 Qd1+ 47.Ka2 Bf7+ 48.c4 b5 49.Rxd1 exd1=Q 50.Qxb5 Qc2  0-1

[Event "British Rapidplay"]
[Site "Halifax ENG"]
[Date "2006.11.04"]
[Round "5"]
[White "Walton,A"]
[Black "Palliser,R"]
[Result "0-1"]
[WhiteElo "2224"]
[BlackElo "2411"]

1.d4 Nf6 2.Bg5 e6 3.e4 h6 4.Bxf6 Qxf6 5.Nc3 d6 6.Bc4 Nd7 7.Nge2 Qd8 8.O-O Be7
9.f4 c6 10.Bd3 e5 11.fxe5 dxe5 12.Bc4 O-O 13.Kh1 exd4 14.Nxd4 Ne5 15.Be2 g6
16.Nf3 Nxf3 17.gxf3 Qxd1 18.Raxd1 Bh3 19.Rg1 Rad8 20.Bc4 Kg7 21.Rg3 Rxd1+
22.Nxd1 Bc8 23.Nc3 Rd8 24.Bd3 Be6 25.Rg1 Bf6 26.Kg2 Be5 27.Ne2 Bc7 28.b3 c5
29.h4 a6 30.a4 Bxb3 31.Rb1 c4 32.cxb3 cxd3 33.Nc3 Be5 34.Nd5 Rc8 35.Kf2 Bd4+
36.Ke1 Rc2 37.Rd1 Re2+ 38.Kf1 Rf2+ 39.Ke1 Rxf3  0-1

[Event "Open"]
[Site "Santo Domingo DOM"]
[Date "2006.11.04"]
[Round "7"]
[White "Ehlvest,J"]
[Black "De la Paz,F"]
[Result "1/2-1/2"]
[WhiteElo "2597"]
[BlackElo "2442"]

1.d4 Nf6 2.Bg5 e6 3.Nd2 c5 4.e3 Nc6 5.c3 d5 6.f4 Be7 7.Bd3 O-O 8.Ngf3 b6
9.h4 Ne8 10.Ne5 Nxe5 11.fxe5 f5 12.Qh5 Rf7 13.Nf3 Nc7 14.Bxe7 Rxe7 15.Ng5 g6
16.Qf3 Rg7 17.O-O-O c4 18.Bc2 h5 19.Qf4 b5 20.g4 b4 21.cxb4 a5 22.b5 c3 23.a4 cxb2+
24.Kxb2 Qe7 25.Rd3 Rb8 26.gxf5 gxf5 27.Rc1 Na8 28.Qf2 Nb6 29.Ka2 Nc4 30.Rb3 Nb6
31.Rd3 Nc4 32.Bd1 Bd7 33.Rb3 Be8 34.Qc2 Bg6 35.Qc3 Qe8 36.Nh3 Nb6 37.Nf4 Rc8
38.Qd2 Nc4 39.Rbc3 Qe7 40.Qf2 Bf7 41.Bb3 Qa3+ 42.Kb1 Qb4 43.Nd3 Qe7 44.Bxc4 dxc4
45.Nc5 Rg4 46.Rxc4 f4 47.Rg1 Bg6+ 48.Kb2 f3 49.Rcc1 Rf8 50.Rcf1 Kh7 51.Rg3 Qxh4
52.Rxf3 Rxf3 53.Qxf3 Qh2+ 54.Rf2 Qg1 55.Rf1 Qh2+ 56.Rf2 Qg1 57.Rf1  1/2-1/2

[Event "TCh-ROM Divizia A Masculin"]
[Site "Predeal ROM"]
[Date "2006.11.05"]
[Round "2"]
[White "Mateuta,G"]
[Black "Baciu,S"]
[Result "1-0"]
[WhiteElo "2468"]
[BlackElo "2197"]

1.d4 Nf6 2.Bg5 e6 3.e3 Be7 4.Nf3 b6 5.c4 Bb7 6.Nc3 Ne4 7.Nxe4 Bxe4 8.Bf4 O-O
9.Nd2 Bb7 10.Bd3 f5 11.Rg1 g5 12.Bg3 d6 13.f3 Nd7 14.Qc2 Qe8 15.O-O-O Qf7
16.h4 gxh4 17.Bf2 Kh8 18.Rh1 Rg8 19.Rh2 Rg7 20.Rdh1 Rag8 21.Qa4 Qe8 22.Qxa7 Qa8
23.Qxa8 Rxa8 24.a3 Nf8 25.Bxh4 Bxh4 26.Rxh4 Rxg2 27.e4 fxe4 28.Nxe4 Bxe4
29.Bxe4 Ra5 30.Bxh7 Rag5 31.Be4+ Kg7 32.f4 Rg1+ 33.Kd2 Rxh1 34.Rxh1 Rg3 35.f5 e5
36.dxe5 dxe5 37.c5 Nd7 38.cxb6 cxb6 39.Rh2 Nc5 40.Bc2 b5 41.Rh4 Rg2+ 42.Kc3 e4
43.Bxe4 Na4+ 44.Kd4 Rxb2 45.Ke5 Nc3 46.f6+ Kg8 47.Ke6 Rf2 48.Ke7  1-0

[Event "Open"]
[Site "Santo Domingo DOM"]
[Date "2006.11.05"]
[Round "8"]
[White "Mitkov,N1"]
[Black "De la Paz,F"]
[Result "1-0"]
[WhiteElo "2565"]
[BlackElo "2442"]

1.d4 Nf6 2.Bg5 e6 3.Nd2 c5 4.e3 Nc6 5.c3 b6 6.Bd3 Be7 7.Ngf3 O-O 8.a3 Bb7
9.Qe2 d5 10.O-O Nd7 11.Bf4 c4 12.Bc2 f5 13.h3 Rc8 14.Kh1 Nf6 15.Ne5 Nxe5
16.Bxe5 Bd6 17.Nf3 Qe7 18.Rg1 Bxe5 19.Nxe5 Ne4 20.Kh2 Qh4 21.g3 Qh6 22.f4 Nf6
23.g4 fxg4 24.Rg3 Kh8 25.Nxg4 Nxg4+ 26.Rxg4 g6 27.Rag1 Rf5 28.Bxf5 exf5 29.Rg5 Qh4
30.R1g3 Rf8 31.Qd1 Bc6 32.a4 Rf6 33.a5 b5 34.Qa1 Qh6 35.Qa3 Qf8 36.Qxf8+ Rxf8
37.h4 Rf6 38.h5 Be8 39.hxg6 Bxg6 40.Rg1 Re6 41.R5g3 a6 42.Kg2 Kg7 43.Kf2 Kf6
44.Rh3 Re7 45.Ke2 Re6 46.Kd2 Re7 47.Kc2 Ke6 48.Kb1 Kd6 49.Ka2 Re6 50.Ka3 Kc6
51.Kb4 Re7 52.Rgg3 Re8 53.Rh6 Re6 54.Rh2 Re7 55.Rh1 Kd6 56.Rh6 Re6 57.Rgxg6 hxg6
58.Rh7 g5 59.fxg5 Rxe3 60.Ra7 Re2 61.Rxa6+ Ke7 62.Kxb5 Rxb2+ 63.Kc5 Rb3 64.Kxd5 Rxc3
65.Ra7+ Kf8 66.Ke5 f4 67.Kxf4 Rd3 68.Ke4 Rg3 69.Kf5 c3 70.Rc7 Rf3+ 71.Ke6 Re3+
72.Kd6  1-0

[Event "Ataturk Festival Open"]
[Site "Adana TUR"]
[Date "2006.11.09"]
[Round "4"]
[White "Samavat,M"]
[Black "Grigoriev,A"]
[Result "0-1"]
[WhiteElo "2061"]
[BlackElo "2347"]

1.d4 Nf6 2.Bg5 e6 3.e4 h6 4.Bxf6 Qxf6 5.Nc3 d6 6.Qd2 g5 7.O-O-O Nc6 8.Nge2 Bg7
9.f3 Bd7 10.d5 Ne5 11.Ng3 h5 12.Be2 h4 13.Nf1 h3 14.g3 Nxf3 15.Bxf3 Qxf3
16.Ne3 Qf6 17.Rhf1 Qg6 18.Rf2 O-O-O 19.Rdf1 Rhf8 20.Kb1 Rde8 21.dxe6 fxe6
22.Ned1 b6 23.Qe2 Rxf2 24.Rxf2 Kb7 25.Qf1 Rh8 26.a4 a5 27.Qc4 Bc6 28.b4 axb4
29.Qxb4 Ra8 30.Qxd6 cxd6 31.Ka2 Be5 32.Kb3 Qg7 33.Rd2 Qd7 34.Rd3 Qf7 35.Nb5 Qf1
36.Ndc3 Bxb5 37.axb5 Bxc3 38.Rd2  0-1

[Event "TCh-ROM Divizia A Feminin"]
[Site "Predeal ROM"]
[Date "2006.11.10"]
[Round "7"]
[White "Padurariu,I"]
[Black "Teodorescu,A"]
[Result "1-0"]
[WhiteElo "2221"]
[BlackElo "2126"]

1.d4 Nf6 2.Bg5 e6 3.Nf3 h6 4.Bh4 c5 5.e3 g5 6.Bg3 Qb6 7.Qc1 Nc6 8.c3 d5 9.Be5 Nxe5
10.Nxe5 Bd6 11.h3 Qc7 12.Nf3 c4 13.Nbd2 Bd7 14.Qc2 Bc6 15.a4 a6 16.a5 Rc8
17.Ng1 g4 18.hxg4 Nxg4 19.Be2 Rg8 20.e4 Bg3 21.Bxg4 Rxg4 22.e5 Bf4 23.g3 Bxe5
24.dxe5 Qxe5+ 25.Ne2 d4 26.cxd4 Rxd4 27.Qc3 Rcd8 28.Rh4 Rxh4 29.Qxe5 Rh1+
30.Nf1 Bg2 31.Ng1 Rxg1 32.Ke2 Rd5 33.Qh8+ Ke7 34.Re1 Rd3 35.Nd2  1-0

[Event "10th OIBM"]
[Site "Bad Wiessee GER"]
[Date "2006.11.11"]
[Round "8"]
[White "Moiseenko,A1"]
[Black "Al Modiahki,M"]
[Result "1/2-1/2"]
[WhiteElo "2632"]
[BlackElo "2550"]

1.d4 Nf6 2.Bg5 e6 3.e4 h6 4.Bxf6 Qxf6 5.Nc3 Bb4 6.Qd2 d5 7.e5 Qd8 8.a3 Be7
9.f4 c5 10.dxc5 Bxc5 11.Nf3 a6 12.f5 Nc6 13.O-O-O  1/2-1/2

[Event "TCh-ROM Divizia A Masculin"]
[Site "Predeal ROM"]
[Date "2006.11.12"]
[Round "9"]
[White "Danilov,I"]
[Black "Itkis,B"]
[Result "1/2-1/2"]
[WhiteElo "2367"]
[BlackElo "2447"]

1.d4 Nf6 2.Bg5 e6 3.e4 c5 4.e5 h6 5.Bc1 Nd5 6.c4 Nb6 7.Nf3 cxd4 8.Qxd4 Nc6
9.Qe4 d5 10.cxd5 exd5 11.Qe3 Bb4+ 12.Bd2 O-O 13.Bxb4 Nxb4 14.Na3 f6 15.Be2 Re8
16.Qd2 Nc6 17.exf6 Qxf6 18.O-O Bg4 19.Rfe1 Rad8 20.Nd4 Bxe2 21.Nxc6 bxc6
22.Rxe2 Rxe2 23.Qxe2 Na4 24.Rb1 Rb8 25.h4 Rxb2 26.Rxb2 Nxb2 27.h5 Na4 28.Nc2 Qf7
29.Nd4 Qd7 30.Qe5 Nc5 31.Qb8+ Kh7 32.Qb1+ Kg8 33.Qb8+ Kf7 34.Qf4+  1/2-1/2

[Event "Ataturk Festival Open"]
[Site "Adana TUR"]
[Date "2006.11.14"]
[Round "8"]
[White "Zarkua,D"]
[Black "Gashimov,V"]
[Result "0-1"]
[WhiteElo "2411"]
[BlackElo "2643"]

1.d4 Nf6 2.Bg5 e6 3.e4 c5 4.d5 h6 5.Bxf6 Qxf6 6.Nc3 a6 7.Nf3 d6 8.a4 Nd7
9.g3 g5 10.Bg2 g4 11.Nd2 Ne5 12.Qe2 h5 13.f4 gxf3 14.Nxf3 Nxf3+ 15.Bxf3 Qe5
16.dxe6 fxe6 17.O-O-O Bd7 18.Kb1 b5 19.axb5 Rb8 20.Qd2 Bxb5 21.Qf4 Bg7 22.Rxd6 Qxf4
23.gxf4 Bxc3 24.bxc3 Ke7 25.Rhd1 Be2+ 26.Kc1 Bxf3 27.Rd7+ Ke8 28.R1d6  0-1

[Event "Open"]
[Site "Liberec CZE"]
[Date "2006.11.15"]
[Round "5"]
[White "Kozak,Pe"]
[Black "Kohout,Ja"]
[Result "1/2-1/2"]
[WhiteElo "2157"]
[BlackElo "2001"]

1.d4 Nf6 2.Bg5 e6 3.e4 Be7 4.Bd3 d5 5.e5 Nfd7 6.Bxe7 Qxe7 7.c3 c5 8.a3 Nc6
9.Nf3 O-O 10.O-O f6 11.exf6 Qxf6 12.b4 e5 13.b5 Nxd4 14.cxd4 e4 15.Be2 exf3
16.Bxf3 Nb6 17.Nc3 cxd4 18.Nxd5 Nxd5 19.Bxd5+ Kh8 20.Qb3 Rb8 21.Rad1 Bf5
22.Qa4 d3 23.Qxa7 b6 24.Qa4 Rbd8 25.Bf3 Rd4 26.Qb3 Qg5  1/2-1/2

[Event "ch-CRO"]
[Site "Kutina CRO"]
[Date "2006.11.18"]
[Round "8"]
[White "Brumen,D"]
[Black "Zelcic,R"]
[Result "0-1"]
[WhiteElo "2368"]
[BlackElo "2556"]

1.d4 Nf6 2.Bg5 e6 3.e4 c5 4.d5 d6 5.Nc3 Be7 6.Bb5+ Bd7 7.a4 O-O 8.Nf3 h6
9.Bh4 Nxe4 10.Nxe4 Bxh4 11.dxe6 Bxe6 12.Qxd6 Nd7 13.O-O Be7 14.Qf4 Qb8 15.Qe3 Qc7
16.Bxd7 Bxd7 17.Nc3 Be6 18.Rfe1 Rad8 19.Rad1 Qa5 20.Qe4 Bf6 21.Ne5 Qb4 22.Nd3 Qb6
23.a5 Qxa5 24.Ra1 Qb6 25.Na4 Qc7 26.Naxc5 Bd5 27.Qa4 a5 28.Ne4 Bxe4 29.Rxe4 b5
30.Qxb5 Qxc2 31.Re3 Bd4 32.Ne1 Qd2 33.Re2 Qf4 34.g3 Qg4 35.Kg2 Rb8 36.Qd3 Rfd8
37.Re4 Qd7 38.Nf3 Bb6 39.Qxd7 Rxd7 40.b4 Rd5 41.bxa5 Bxa5 42.Rea4 Bd8 43.Ra8 Rbb5
44.Re1 Kh7 45.Re5 Rxe5 46.Nxe5 Bc7 47.Nd7 h5 48.Nf8+ Kh6 49.Ra7 Rc5 50.h4 Rc2
51.Nd7 f6 52.Kf3 Bd6 53.Ra1 Kg6 54.Rd1 Rc6 55.Ke4 Be7 56.Rb1 Rc3 57.Rb2 Ba3
58.Ra2 Bd6 59.Nb6 f5+ 60.Kd5 Bc7 61.Nc4 f4 62.gxf4 Bxf4 63.Ne5+ Kf5 64.Nc4 Rd3+
65.Kc5 Rh3 66.Ra7 Bh6 67.Ne3+ Rxe3  0-1

[Event "19th Belgrade Trophy"]
[Site "Belgrade SRB"]
[Date "2006.11.22"]
[Round "1"]
[White "Stamenkovic,Dr"]
[Black "Jovanovic,DD"]
[Result "1/2-1/2"]
[WhiteElo "2404"]
[BlackElo "2240"]

1.d4 Nf6 2.Bg5 e6 3.Nd2 c5 4.e3 b6 5.Ngf3 Bb7 6.Bd3 Be7 7.c3 O-O 8.Qe2 Nc6
9.O-O cxd4 10.exd4 Nd5 11.Bxe7 Ncxe7 12.g3 f5 13.Ne5 Ng6 14.f4 Rf6 15.Ba6 Bxa6
16.Qxa6 Qc7 17.Rae1 Nxe5 18.Rxe5 Rg6 19.a4 Rb8 20.Nc4 h5  1/2-1/2

[Event "ch-ESP Abierto"]
[Site "Leon ESP"]
[Date "2006.11.22"]
[Round "1"]
[White "Bellon Lopez,JuM"]
[Black "Montolio Benedicto,C"]
[Result "1-0"]
[WhiteElo "2438"]
[BlackElo "2067"]

1.d4 Nf6 2.Bg5 e6 3.e4 h6 4.Bxf6 Qxf6 5.Nf3 d5 6.Nbd2 Qd8 7.c3 dxe4 8.Nxe4 Be7
9.Bd3 Nd7 10.Qe2 c5 11.dxc5 Nxc5 12.Bb5+ Kf8 13.Nxc5 Bxc5 14.Ne5 Qc7 15.O-O-O Bd6
16.Qd2 Be7 17.Rhe1 Kg8 18.Be8 f6 19.Ng6 Rh7 20.Nxe7+ Qxe7 21.Bg6  1-0

[Event "SK Liburnija GM"]
[Site "Rijeka CRO"]
[Date "2006.11.22"]
[Round "9"]
[White "Doric,D"]
[Black "Bosiocic,Mari"]
[Result "1/2-1/2"]
[WhiteElo "2448"]
[BlackElo "2448"]

1.d4 Nf6 2.Bg5 e6 3.e4 h6 4.Bxf6 Qxf6 5.c3 b6 6.Bd3 Bb7 7.Ne2 g6 8.O-O Qe7
9.e5 d6 10.f4 h5 11.Nd2 Bg7 12.Ne4 Bxe4 13.Bxe4 d5 14.Bd3 Qd7 15.g3 Nc6 16.b4 Ne7
17.h3 c5 18.Kg2 Rc8 19.g4 hxg4 20.hxg4 f5 21.g5  1/2-1/2

[Event "ch-ESP Abierto"]
[Site "Leon ESP"]
[Date "2006.11.23"]
[Round "2"]
[White "Gonzalez Diez,R"]
[Black "Vehi Bach,V"]
[Result "0-1"]
[WhiteElo "2137"]
[BlackElo "2329"]

1.d4 Nf6 2.Bg5 e6 3.e4 h6 4.Bxf6 Qxf6 5.e5 Qd8 6.Nf3 d6 7.Nc3 Nd7 8.Bd3 dxe5
9.dxe5 Bb4 10.O-O Bxc3 11.bxc3 Qe7 12.Rb1 Qc5 13.Qe1 Nb6 14.Rb5 Qe7 15.Rb4 Bd7
16.Rg4 g5 17.c4 Na4 18.Qe3 Qc5 19.Nd4 O-O-O 20.Rb1 Nb6 21.Qe4 Ba4 22.Nb5 a6
23.Nc3 Bc6 24.Qe1 Rd4 25.Qe3 Rhd8 26.Ne2 Nxc4 27.Qxd4 Rxd4 28.Rxd4 Nxe5 29.Rd1 Nxd3
30.R4xd3 Kb8 31.Nd4 Bd5 32.a3 Be4 33.Nb3 Qxc2 34.R1d2 Qxd3 35.Rxd3 Bxd3 36.Nc5 Bg6  0-1

[Event "19th Belgrade Trophy"]
[Site "Belgrade SRB"]
[Date "2006.11.24"]
[Round "3"]
[White "Zivkovic,DD"]
[Black "Pavlovic,Milo2"]
[Result "0-1"]
[WhiteElo "2134"]
[BlackElo "2440"]

1.d4 Nf6 2.Bg5 e6 3.Nf3 c5 4.e3 b6 5.c3 Bb7 6.Bd3 Be7 7.Nbd2 O-O 8.O-O Nc6
9.Qe2 cxd4 10.exd4 Nd5 11.Bxe7 Qxe7 12.Be4 Nf6 13.Bc2 Rac8 14.Ne4 Nxe4 15.Bxe4 f5
16.Bd3 Rce8 17.Rfe1 Qd6 18.Rad1 Ne7 19.Ba6 Be4 20.Bd3 Ba8 21.Qe5 Qb8 22.Qxb8 Rxb8
23.Ne5 Rfd8 24.Bb5 Rb7 25.f3 Rc7 26.a3 g6 27.Kf2 Kg7 28.Rd2 Kf6 29.Rde2 Bb7
30.Nxd7+ Rdxd7 31.Rxe6+ Kf7 32.Bxd7 Rxd7 33.c4 Nc6 34.d5 Na5 35.b3 Nxb3 36.d6 Be4
37.Re5 Kf6 38.Re8 Bc6 39.R1e6+ Kg5 40.R8e7 Nc5 41.Rxd7 Bxd7 42.Re7 f4 43.Rxh7 Kf6
44.Re7 a5 45.g3 fxg3+ 46.hxg3 Be6 47.Ke3 Bxc4 48.Kd4 Be6 49.f4 Nd7 50.Re8 b5
51.Ra8 a4 52.Kc3 Kf5 53.Re8 Nf6 54.Rf8 Bd7 55.g4+ Ke6 56.g5 Nd5+ 57.Kd4 Kxd6
58.Rf7 Ne7 59.Rf6+ Be6 60.Rf8 Nc6+ 61.Kc3 Kd5 62.f5 Bxf5  0-1

[Event "19th Belgrade Trophy"]
[Site "Belgrade SRB"]
[Date "2006.11.24"]
[Round "3"]
[White "Stamenkovic,Dr"]
[Black "Kuzmanovic,S"]
[Result "1-0"]
[WhiteElo "2404"]
[BlackElo "2135"]

1.d4 Nf6 2.Bg5 e6 3.Nd2 d5 4.e4 dxe4 5.Nxe4 Nbd7 6.Nf3 Be7 7.Nxf6+ Bxf6 8.Bxf6 Qxf6
9.Bd3 O-O 10.Qe2 c5 11.c3 cxd4 12.Nxd4 Nc5 13.Bxh7+ Kxh7 14.Qh5+ Kg8 15.Qxc5 b6
16.Qh5 Bb7 17.O-O Rad8 18.f4 Rd5 19.Qe2 g6 20.Qe3 Rfd8 21.Rad1 Kg7 22.Rd2 Ba6
23.Rff2 Rh8 24.h3 Rhd8 25.Nf3 Qf5 26.Kh2 Bb7 27.Rd4 Kg8 28.Rfd2 Rxd4 29.Nxd4 Qf6
30.c4 Rc8 31.Nb5 Ba6 32.Nd6 Rd8 33.b3 Qe7 34.Ne4 Rxd2 35.Qxd2 e5 36.Nf2 Qf6
37.Nd3 exf4 38.Qxf4 Qe7 39.Ne5 Bc8 40.Nc6 Qd7 41.Qf6 Qc7+ 42.Kg1 Kh7 43.Ne7 Be6
44.Nxg6 fxg6 45.Qxe6 Qc5+ 46.Kf1 Qd4 47.Qe7+ Kh6 48.Qe2 Kh7 49.g3 Qc3 50.Kg2 Kg7
51.h4 Qd4 52.Qe7+ Kh6 53.Qf8+ Kh7 54.Qf7+ Kh6 55.Qf4+  1-0